00884nam a22001457a 4500040000900000082001600009100002400025245005500049260003700104300001200141505041300153942002500566999001900591952012800610 cNUST a515.625,TRI aTrivedi, SD9103307 aComprehensive Differential Equations /cSD Trivedi aNew Delhi bDominant Pub. c2003 a302 p.; aAn Introduction to Differential Equations (Page-10, Differential Equations of First Order and First Degree (Page-370, Differential Equations of First Order not of first Degree (Page-98), Applications of First order Differential and Pi card's Method (Page-121),Linear Equations (Page-140), Methods of Variation of Parameters and Undermined Coefficients (Page-203), Linear Equations of Second Order (Page-237). 2ddccBKk515.625,TRI c592458d592458 00102ddc4070aMCSbMCScGENd2022-11-21l0o515.625,TRIpMCS30720r2022-11-21w2022-11-21yBKzAlmirah No.13, Shelf No.5